000 01406nam0a22002891 4500
001 rc\4025732
005 20250611061922.0
021 _aRU
_b[51-39133]
035 _a(NLR Aleph) 008089184
090 _a9172556
_c9172556
100 _a20130415d1951 |||y0rusy50 ca
101 0 _arus
102 _aRU
105 _aa b |||||
200 1 _aКаталог
_fЛенингр. союз сов. художников. Ленингр. т-во художников "ЛенИЗО". Выставка работ ленингр. художников в пром-сти и декоративно-прикладном искусстве. 1950
210 _aМосква
_aЛенинград
_cИскусство
_d1951
215 _a120 с., 7 л. ил.
_d22
300 _aНа обороте тит. л. сост.: Н.Т. Яглова
606 _aПрикладное искусство
_xВыставки
_z1951
_yМосква
_2psbo
606 _aДекоративное искусство
_xВыставки
_z1951
_yМосква
_2psbo
702 1 _aЯглова
_bН.Т.
_4220
710 1 2 _aВыставка работ ленинградских художников в промышленности и декоративно-прикладном искусстве (1950; Ленинград)
801 0 _aRU
_bNLR
_gpsbo
801 1 _aRU
_bELAR
_2rusmarc
852 _aNLR
_jИс50 Г-5/8
942 _cBOOK
980 _aNB